LIBRARY & INFORMATION CENTRE, KCAET, TAVANUR

ONLINE PUBLIC ACCESS CATALOGUE (OPAC)

Disposal of radioactivity wastes, Vol II / (Record no. 1459)

MARC details
000 -LEADER
fixed length control field 00342cam a2200133ua 4500
003 - CONTROL NUMBER IDENTIFIER
control field OSt
008 - FIXED-LENGTH DATA ELEMENTS--GENERAL INFORMATION
fixed length control field 230721b |||||||| |||| 00| 0 eng d
041 ## - LANGUAGE CODE
Language code of text/sound track or separate title eng
082 ## - DEWEY DECIMAL CLASSIFICATION NUMBER
Classification number 539.752
Item number COR/DI
245 ## - TITLE STATEMENT
Title Disposal of radioactivity wastes, Vol II /
260 ## - PUBLICATION, DISTRIBUTION, ETC. (IMPRINT)
Place of publication :
Name of publisher Intenational Atomic Energy Agency ,
Year of publication 1960.
300 ## - PHYSICAL DESCRIPTION
Number of Pages 576 ; .
942 ## - ADDED ENTRY ELEMENTS (KOHA)
Koha item type Books
Holdings
Withdrawn status Lost status Damaged status Home library Current library Date acquired Full call number Accession Number Koha item type
      KAUAET KAUAET 07/04/2012 539.752 COR/DI 3178 Books
Withdrawn     KAUAET Sanskrit University 07/04/2012 539.752 COR/DI 3179 Books
free website counter